| 000 | 01018cam a2200229 i 4500 | ||
|---|---|---|---|
| 001 | 000659117 | ||
| 003 | AM-YeHGA | ||
| 005 | 20250617161345.0 | ||
| 008 | 090417s1953 ai | |||||||||||||rus|d | ||
| 040 | _aAM-YeHGA | ||
| 041 | 0 | _arus | |
| 100 | 1 | _aПолевицкий, Константин Александрович | |
| 245 | 1 | 0 |
_aСельскохозяйственные машины и орудия / _cК.А. Полевицкий. |
| 250 | _aТретье, перераб. изд. | ||
| 260 |
_aМ. ; _aЛ. : _bСельхозгиз, _c1953. |
||
| 300 |
_a611 с. : _bтабл., рис. ; _c26 см. |
||
| 440 | 0 | _aУчебники и учебные пособия для сельскохозяйственных высших учебных заведений | |
| 504 | _aБиблиогр. в подстроч. примеч. | ||
| 650 | 1 | 4 | _aСельскохозяйственные машины и орудия |
| 650 | 1 | 4 | _aМеханизация сельского хозяйства |
| 090 | _c473297 | ||
| 999 |
_c470053 _d470053 |
||